01359 a2200205 4500001000500000005001700005008004100022003001500063040004000078080007200118245009400190020002200284250001200306264003500318300001900353505062400372100002000996700001601016856012101032197420260407155422.0260407a2006 arg spa dAR-UNSa-BCEJYS aAR-UNSa-BCEJYSbspacAR-UNSa-BCEJYS a339.96xAyuda al desarrollo como forma de cooperación económica10aEl banquero de los pobresplos microcréditos y la batalla contra la pobreza en el mundo a978-950-12-6437-1 a1a. ed. 1aBuenos Aires :bPaidósc2006 a277 p.c23 cm. a1. Boxirhat Road, nº 20, Chittagong - 2. Un bengalí en Estados Unidos - 3. De vuelta en Chittagong - 4. Las fabricantes de taburetes de la aldea de Jobra - 5. Nace un proyecto piloto - 6. La expansión traspasa los límites de Jobra: Tangail - 7. Nace un banco para los pobres - 8. Crecimiento y nuevos retos del banco para los pobres: 1984-1990 - 9. Aplicaciones en otros países pobres - 10. Aplicaciones en Estados Unidos y en otros países ricos - 11. Grameen en la década de 1990 - 12. Más allá del microcrédito: una nueva constelación de empresas Grameen - 13. El Banco Grameen II - 14. El futuro1 aYunus, Muhammad1 aJolis, Alan41uhttps://biblioeco.unsa.edu.ar/pmb/images/libros/El Banquero de los pobres-l118285.jpgyImagen de portadaqimage/jpeg